<?xml version="1.0" encoding="UTF-8"?>
<record
    xmlns:xsi="http://www.w3.org/2001/XMLSchema-instance"
    xsi:schemaLocation="http://www.loc.gov/MARC21/slim http://www.loc.gov/standards/marcxml/schema/MARC21slim.xsd"
    xmlns="http://www.loc.gov/MARC21/slim">

  <leader>01893nam2a22003251  4500</leader>
  <controlfield tag="001">v19\rc\1600148</controlfield>
  <controlfield tag="005">20250619051508.0</controlfield>
  <datafield tag="035" ind1=" " ind2=" ">
    <subfield code="a">(NLR Aleph) 004836978</subfield>
  </datafield>
  <datafield tag="090" ind1=" " ind2=" ">
    <subfield code="a">4781556</subfield>
    <subfield code="c">4781556</subfield>
  </datafield>
  <datafield tag="100" ind1=" " ind2=" ">
    <subfield code="a">20061002g18971898|||y0rusy50      ca</subfield>
  </datafield>
  <datafield tag="101" ind1="1" ind2=" ">
    <subfield code="a">rus</subfield>
    <subfield code="c">ger</subfield>
  </datafield>
  <datafield tag="102" ind1=" " ind2=" ">
    <subfield code="a">RU</subfield>
  </datafield>
  <datafield tag="105" ind1=" " ind2=" ">
    <subfield code="a">y   z   |||||</subfield>
  </datafield>
  <datafield tag="200" ind1="1" ind2=" ">
    <subfield code="a">&#x424;&#x440;&#x430;&#x43D;&#x446;&#x443;&#x437;&#x441;&#x43A;&#x430;&#x44F; &#x43B;&#x438;&#x442;&#x435;&#x440;&#x430;&#x442;&#x443;&#x440;&#x430; &#x432; XVIII &#x432;&#x435;&#x43A;&#x435;</subfield>
    <subfield code="f">&#x41F;&#x435;&#x440;. &#x410;.&#x41D;. &#x41F;&#x44B;&#x43F;&#x438;&#x43D;&#x430;</subfield>
  </datafield>
  <datafield tag="210" ind1=" " ind2=" ">
    <subfield code="d">1897 (&#x43E;&#x431;&#x43B;. 1898)</subfield>
    <subfield code="a">&#x411;. &#x43C;.</subfield>
  </datafield>
  <datafield tag="215" ind1=" " ind2=" ">
    <subfield code="a">[2], IV, XLVIII, 530 &#x441;.</subfield>
  </datafield>
  <datafield tag="327" ind1="0" ind2=" ">
    <subfield code="a">&#x421;. I-XLVIII 2-&#x439; &#x43F;&#x430;&#x433;.: "&#x413;&#x435;&#x440;&#x43C;&#x430;&#x43D;&#x43D; &#x413;&#x435;&#x442;&#x442;&#x43D;&#x435;&#x440;" [&#x411;&#x438;&#x43E;&#x433;&#x440;. &#x43E;&#x447;&#x435;&#x440;&#x43A;] / &#x410;. &#x41F;&#x44B;&#x43F;&#x438;&#x43D;</subfield>
  </datafield>
  <datafield tag="461" ind1=" " ind2="0">
    <subfield code="1">001v19\rc\1600146</subfield>
    <subfield code="1">2001#$a&#x418;&#x441;&#x442;&#x43E;&#x440;&#x438;&#x44F; &#x432;&#x441;&#x435;&#x43E;&#x431;&#x449;&#x435;&#x439; &#x43B;&#x438;&#x442;&#x435;&#x440;&#x430;&#x442;&#x443;&#x440;&#x44B; XVIII &#x432;&#x435;&#x43A;&#x430;$v&#x422;. 2</subfield>
    <subfield code="1">700#1$a&#x413;&#x435;&#x442;&#x442;&#x43D;&#x435;&#x440;$b&#x413;.&#x422;.$f1821-1882$g&#x413;&#x435;&#x440;&#x43C;&#x430;&#x43D; &#x422;&#x435;&#x43E;&#x434;&#x43E;&#x440;$9z01790</subfield>
    <subfield code="9">4781538</subfield>
    <subfield code="a">&#x413;&#x435;&#x442;&#x442;&#x43D;&#x435;&#x440;, &#x413;.&#x422;. (1821-1882)</subfield>
    <subfield code="c">&#x421;&#x430;&#x43D;&#x43A;&#x442;-&#x41F;&#x435;&#x442;&#x435;&#x440;&#x431;&#x443;&#x440;&#x433;</subfield>
    <subfield code="d">1896 (&#x43E;&#x431;&#x43B;. 1898)-1897 (&#x43E;&#x431;&#x43B;. 1898)-1897</subfield>
    <subfield code="e">2-&#x435; &#x438;&#x437;&#x434;., &#x43F;&#x435;&#x440;&#x435;&#x441;&#x43C;&#x43E;&#x442;&#x440;&#x435;&#x43D;&#x43D;&#x43E;&#x435; &#x438; &#x434;&#x43E;&#x43F;. &#x43F;&#x43E; &#x43F;&#x43E;&#x441;&#x43B;&#x435;&#x434;. 5-&#x43C;&#x443; &#x438;&#x437;&#x434;. &#x43F;&#x43E;&#x434;&#x43B;&#x438;&#x43D;&#x43D;&#x438;&#x43A;&#x430;. &#x422;. 1-</subfield>
    <subfield code="n">&#x41E;.&#x41D;. &#x41F;&#x43E;&#x43F;&#x43E;&#x432;&#x430;</subfield>
    <subfield code="t">&#x418;&#x441;&#x442;&#x43E;&#x440;&#x438;&#x44F; &#x432;&#x441;&#x435;&#x43E;&#x431;&#x449;&#x435;&#x439; &#x43B;&#x438;&#x442;&#x435;&#x440;&#x430;&#x442;&#x443;&#x440;&#x44B; XVIII &#x432;&#x435;&#x43A;&#x430;</subfield>
    <subfield code="v">&#x422;. 2</subfield>
  </datafield>
  <datafield tag="464" ind1=" " ind2="0">
    <subfield code="1">2001#$a&#x413;&#x435;&#x440;&#x43C;&#x430;&#x43D;&#x43D; &#x413;&#x435;&#x442;&#x442;&#x43D;&#x435;&#x440;$e&#x411;&#x438;&#x43E;&#x433;&#x440;. &#x43E;&#x447;&#x435;&#x440;&#x43A;$f&#x410;. &#x41F;&#x44B;&#x43F;&#x438;&#x43D;</subfield>
    <subfield code="1">215##$a&#x421;. I-XLVIII 2-&#x439; &#x43F;&#x430;&#x433;.</subfield>
    <subfield code="1">700#1$a&#x41F;&#x44B;&#x43F;&#x438;&#x43D;$b&#x410;.&#x41D;.$f1833-1904$g&#x410;&#x43B;&#x435;&#x43A;&#x441;&#x430;&#x43D;&#x434;&#x440; &#x41D;&#x438;&#x43A;&#x43E;&#x43B;&#x430;&#x435;&#x432;&#x438;&#x447;</subfield>
    <subfield code="t">&#x413;&#x435;&#x440;&#x43C;&#x430;&#x43D;&#x43D; &#x413;&#x435;&#x442;&#x442;&#x43D;&#x435;&#x440;</subfield>
    <subfield code="a">&#x41F;&#x44B;&#x43F;&#x438;&#x43D;, &#x410;&#x43B;&#x435;&#x43A;&#x441;&#x430;&#x43D;&#x434;&#x440; &#x41D;&#x438;&#x43A;&#x43E;&#x43B;&#x430;&#x435;&#x432;&#x438;&#x447; (1833-1904)</subfield>
  </datafield>
  <datafield tag="532" ind1="1" ind2="1">
    <subfield code="a">&#x424;&#x440;&#x430;&#x43D;&#x446;&#x443;&#x437;&#x441;&#x43A;&#x430;&#x44F; &#x43B;&#x438;&#x442;&#x435;&#x440;&#x430;&#x442;&#x443;&#x440;&#x430; &#x432; &#x432;&#x43E;&#x441;&#x435;&#x43C;&#x43D;&#x430;&#x434;&#x446;&#x430;&#x442;&#x43E;&#x43C; &#x432;&#x435;&#x43A;&#x435;</subfield>
  </datafield>
  <datafield tag="702" ind1=" " ind2="1">
    <subfield code="a">&#x41F;&#x44B;&#x43F;&#x438;&#x43D;</subfield>
    <subfield code="b">&#x410;.&#x41D;.</subfield>
    <subfield code="f">1833-1904</subfield>
    <subfield code="g">&#x410;&#x43B;&#x435;&#x43A;&#x441;&#x430;&#x43D;&#x434;&#x440; &#x41D;&#x438;&#x43A;&#x43E;&#x43B;&#x430;&#x435;&#x432;&#x438;&#x447;</subfield>
    <subfield code="4">730</subfield>
  </datafield>
  <datafield tag="801" ind1=" " ind2="0">
    <subfield code="a">RU</subfield>
    <subfield code="b">NLR</subfield>
    <subfield code="g">psbo</subfield>
  </datafield>
  <datafield tag="801" ind1=" " ind2="1">
    <subfield code="a">RU</subfield>
    <subfield code="b">ProSoft-M</subfield>
    <subfield code="2">rusmarc</subfield>
  </datafield>
  <datafield tag="852" ind1=" " ind2=" ">
    <subfield code="a">NLR</subfield>
    <subfield code="j">20.94.2.41(2)</subfield>
  </datafield>
  <datafield tag="852" ind1=" " ind2=" ">
    <subfield code="a">NLR</subfield>
    <subfield code="j">130/5752(2)</subfield>
  </datafield>
  <datafield tag="852" ind1=" " ind2=" ">
    <subfield code="a">NLR</subfield>
    <subfield code="j">20.94.2.41</subfield>
  </datafield>
  <datafield tag="852" ind1=" " ind2=" ">
    <subfield code="a">NLR</subfield>
    <subfield code="j">130/5752</subfield>
  </datafield>
  <datafield tag="852" ind1=" " ind2=" ">
    <subfield code="a">NLR</subfield>
    <subfield code="b">&#x41C;&#x444;</subfield>
    <subfield code="j">&#x41A;-1/4324</subfield>
  </datafield>
  <datafield tag="942" ind1=" " ind2=" ">
    <subfield code="c">BOOK</subfield>
  </datafield>
  <datafield tag="980" ind1=" " ind2=" ">
    <subfield code="a">NB</subfield>
  </datafield>
  <datafield tag="995" ind1=" " ind2=" ">
    <subfield code="5">2013-10-26</subfield>
    <subfield code="b">NLR02</subfield>
    <subfield code="c">NLR02</subfield>
    <subfield code="e">RFS</subfield>
    <subfield code="f">1-3942203</subfield>
    <subfield code="k">20.94.2.41(2)</subfield>
    <subfield code="o">0</subfield>
    <subfield code="r">BOOK</subfield>
    <subfield code="s">20942412_</subfield>
  </datafield>
  <datafield tag="995" ind1=" " ind2=" ">
    <subfield code="5">2013-10-26</subfield>
    <subfield code="b">NLR02</subfield>
    <subfield code="c">NLR02</subfield>
    <subfield code="e">RFS</subfield>
    <subfield code="f">4836978-20</subfield>
    <subfield code="k">130/5752(2)</subfield>
    <subfield code="o">0</subfield>
    <subfield code="r">BOOK</subfield>
    <subfield code="s">13057522_</subfield>
  </datafield>
  <datafield tag="995" ind1=" " ind2=" ">
    <subfield code="5">2013-10-26</subfield>
    <subfield code="b">NLR02</subfield>
    <subfield code="c">NLR02</subfield>
    <subfield code="e">RFS</subfield>
    <subfield code="f">4836978-30</subfield>
    <subfield code="k">20.94.2.41</subfield>
    <subfield code="o">0</subfield>
    <subfield code="r">BOOK</subfield>
    <subfield code="s">2094241_</subfield>
  </datafield>
  <datafield tag="995" ind1=" " ind2=" ">
    <subfield code="5">2013-10-26</subfield>
    <subfield code="b">NLR02</subfield>
    <subfield code="c">NLR02</subfield>
    <subfield code="e">RFS</subfield>
    <subfield code="f">4836978-40</subfield>
    <subfield code="k">130/5752</subfield>
    <subfield code="o">0</subfield>
    <subfield code="r">BOOK</subfield>
    <subfield code="s">1305752_</subfield>
  </datafield>
  <datafield tag="995" ind1=" " ind2=" ">
    <subfield code="5">2013-10-26</subfield>
    <subfield code="b">NLR01</subfield>
    <subfield code="c">NLR01</subfield>
    <subfield code="e">FM</subfield>
    <subfield code="f">4836978-50</subfield>
    <subfield code="k">&#x41C;&#x444; &#x41A;-1/4324</subfield>
    <subfield code="o">0</subfield>
    <subfield code="r">BOOK</subfield>
    <subfield code="s">_14324</subfield>
  </datafield>
</record>
